000 00562nam a2200205Ia 4500
005 20250923144756.0
008 008 250917s9999 xx 000 0 eng d
037 _aTextual
040 _aDSWL
_beng
_cDSWL
041 _aeng
_2eng
084 _aW64, J8
_qDSWL
100 _aArendt, Hannab
_9828287
245 4 _aThe origins of totalitarianism
_cby Hannab Arendt
260 _aLondon
_bGeorgeAllen & Unwin
_c1958
300 _axv,520p.
365 _aINR
_b30
925 _g30
942 _cTEXL
_hW64, J8
999 _c1443188
_d1443188